Normal view
MARC view
Entry Personal Name
001 - CONTROL NUMBER
- control field: 25292
003 - CONTROL NUMBER IDENTIFIER
- control field: ARRUPE
005 - DATE AND TIME OF LATEST TRANSACTION
- control field: 20160823110237.0
008 - FIXED-LENGTH DATA ELEMENTS
- fixed length control field: 160823|| aca||aabn | a|a d
040 ## - CATALOGING SOURCE
- Original cataloging agency: ARRUPE
- Transcribing agency: ARRUPE
100 ## - HEADING--PERSONAL NAME
- Personal name: Mary,
- Titles and other words associated with a name: Blessed Virgin, Saint
- General subdivision: Devotion to.
670 ## - SOURCE DATA FOUND
- Source citation: Work cat.: (ARRUPE)0: Hamington, Maurice. 25291, Hail Mary? :, 1995.